书目信息 |
| 题名: |
数学建模
|
|
| 作者: | 秦新强 编 | |
| 分册: | ||
| 出版信息: | 北京 科学出版社 2015.03 |
|
| 页数: | 256页 | |
| 开本: | 24cm | |
| 丛书名: | 普通高等教育“十二五”规划教材 | |
| 单 册: | ||
| 中图分类: | O141.4 | |
| 科图分类: | ||
| 主题词: | 数学模型--高等学校--教材 | |
| 电子资源: | ||
| ISBN: | 978-7-03-043702-0 | |
| 000 | 01267nam0 2200265 450 | |
| 001 | 2238 | |
| 001 | 01CN11104697@CSLN | |
| 005 | 20161205095729.25 | |
| 010 | @a978-7-03-043702-0@dCNY45.00 | |
| 100 | @a20150410d2015 em y0chiy50 ea | |
| 101 | 0 | @achi |
| 102 | @aCN@b110000 | |
| 105 | @aa z 000yy | |
| 200 | 1 | @a数学建模@9shu xue jian mo@f秦新强等编 |
| 210 | @a北京@c科学出版社@d2015.03 | |
| 215 | @a256页@c图@d24cm | |
| 225 | 2 | @a普通高等教育“十二五”规划教材@9pu tong gao deng jiao yu shi er wu gui hua jiao cai |
| 330 | @a本书以用数学解决实际问题所需要的知识和技能为顺序,介绍了用数学解决实际问题的基本原则、方法与步骤,常用的计算方法、数值软件。然后分专题介绍各数学分支的相关知识及其在具体问题中的应用。全书共分七章,具体内容包括进行数学建模所需要的基本知识:数学建模概论、数值软件简介、常用计算方法;进行基本应用的初等模型、常微分方程模型、优化模型和概率统计模型。书中精选了几十个实际问题的数学模型,具有一定的启发性,各章后安排有一定数量的练习题,便于进一步的学习 | |
| 333 | @a理工科、财经类各年级本科生 | |
| 461 | 0 | @12001 @a普通高等教育“十二五”规划教材 |
| 606 | 0 | @a数学模型@x高等学校@j教材 |
| 690 | @aO141.4@v4 | |
| 701 | 0 | @a秦新强@9qin xin qiang@4编 |
| 801 | 0 | @aCN@b大连网信软件有限公司图书馆·11@c20161205 |
| 905 | @aZUCC@dO141.4@e103 | |
| 数学建模/秦新强等编.-北京:科学出版社,2015.03 |
| 256页:图;24cm.-(普通高等教育“十二五”规划教材) |
| 使用对象:理工科、财经类各年级本科生 |
| ISBN 978-7-03-043702-0:CNY45.00 |
| 本书以用数学解决实际问题所需要的知识和技能为顺序,介绍了用数学解决实际问题的基本原则、方法与步骤,常用的计算方法、数值软件。然后分专题介绍各数学分支的相关知识及其在具体问题中的应用。全书共分七章,具体内容包括进行数学建模所需要的基本知识:数学建模概论、数值软件简介、常用计算方法;进行基本应用的初等模型、常微分方程模型、优化模型和概率统计模型。书中精选了几十个实际问题的数学模型,具有一定的启发性,各章后安排有一定数量的练习题,便于进一步的学习 |
| ● |
| 相关链接 |
|
|
|
|
正题名:数学建模
索取号:O141.4/103
 
预约/预借
| 序号 | 登录号 | 条形码 | 馆藏地/架位号 | 状态 | 备注 |
| 1 | 910471 | 209104716 | 第二样本阅览室/ [索取号:O141.4/103] | 在馆 | |
| 2 | 910472 | 209104725 | 第三借阅区/ [索取号:O141.4/103] | 在馆 | |
| 3 | 910473 | 209104734 | 第三借阅区/ [索取号:O141.4/103] | 在馆 | |
| 4 | 910474 | 209104743 | 第三借阅区/ [索取号:O141.4/103] | 在馆 | |
| 5 | 910475 | 209104752 | 第三借阅区/ [索取号:O141.4/103] | 在馆 |